Movimiento urbano popular en Durango / (Record no. 67669)

MARC details
000 -LEADER
fixed length control field 00548cam a2200193 4500
008 - FIXED-LENGTH DATA ELEMENTS--GENERAL INFORMATION
fixed length control field 1994 spa
020 ## - INTERNATIONAL STANDARD BOOK NUMBER
International Standard Book Number 968-496-274-6
050 #4 - LIBRARY OF CONGRESS CALL NUMBER
Classification number HN120
Item number M49 1994
100 1# - MAIN ENTRY--PERSONAL NAME
Personal name Meza, Armando
245 #0 - TITLE STATEMENT
Title Movimiento urbano popular en Durango /
Statement of responsibility, etc Armando Meza.
260 ## - PUBLICATION, DISTRIBUTION, ETC. (IMPRINT)
Place of publication, distribution, etc México :
Name of publisher, distributor, etc Ciesas,
Date of publication, distribution, etc 1994
300 ## - PHYSICAL DESCRIPTION
Extent 119 p. ;
Dimensions 21 cm.
500 ## - GENERAL NOTE
General note 2 ejemplares
504 ## - BIBLIOGRAPHY, ETC. NOTE
Bibliography, etc Bibliografía: p. 114-119
650 #4 - SUBJECT ADDED ENTRY--TOPICAL TERM
Topical term or geographic name as entry element Desarrollo de la comunidad urbana México
942 ## - ADDED ENTRY ELEMENTS (KOHA)
Source of classification or shelving scheme Biblioteca del Cogreso de los Estados Unidos
Koha item type Libro
Holdings
Estado de pérdida Fuente de clasificación Estado del daño No para préstamo Ubicación permanente Ubicación actual Apartado o colección Fecha de adquisición Edición Dependencia de educación superior (DES) Área del conocimiento Clasificación Código de Barras Date last seen Número de copia Tipo de recurso
  Biblioteca del Cogreso de los Estados Unidos     Biblioteca del Instituto de Investigaciones Históricas Biblioteca del Instituto de Investigaciones Históricas General 03/09/2018 1a ed. Humanidades Ciencias Sociales y Administrativas HN120 M49 1994 IIH000025599 03/09/2018 C:1 Libro
  Biblioteca del Cogreso de los Estados Unidos     Biblioteca del Instituto de Investigaciones Históricas Biblioteca del Instituto de Investigaciones Históricas General 03/09/2018 1a ed. Humanidades Ciencias Sociales y Administrativas HN120 M49 1994 IIH000025600 03/09/2018 C:2 Libro